[Event "AUTO-INT-1485"]
[Site "http://www.queenalice.com/game.php?id=669369"]
[Date "2009.10.19"]
[Round "1"]
[White "breizhil"]
[Black "Palfreyman"]
[Result "1-0"]
[WhiteElo "1815"]
[BlackElo "1461"]

1. e4 e6 2. d4 d5 3. e5 c5 4. c3 Nc6 5. Bb5 Qb6 6. Bxc6+ bxc6 7. Nf3 Ba6 8. a3
Ne7 9. b4 cxd4 10. cxd4 Nf5 11. Bb2 Be7 12. Nbd2 O-O 13. Nb3 Rac8 14. Nc1 c5 15.
dxc5 Bxc5 16. Qd2 Bxf2+ 17. Qxf2 Qxf2+ 18. Kxf2 Rc2+ 19. Ke1 Rxb2 20. g4 1-0

[Event "AUTO-INT-1485"]
[Site "http://www.queenalice.com/game.php?id=669370"]
[Date "2009.10.19"]
[Round "1"]
[White "Palfreyman"]
[Black "breizhil"]
[Result "0-1"]
[WhiteElo "1463"]
[BlackElo "1813"]

1. d4 g6 2. e4 d6 3. Nf3 Bg7 4. Nc3 Nc6 5. Bb5 Bd7 6. O-O a6 7. Bc4 b5 8. Bb3
Bg4 9. Bxf7+ Kf8 10. Bd5 Qd7 11. h3 Be6 12. Bxe6 Qxe6 13. d5 Qd7 14. dxc6 Qxc6
15. Qd5 Qxd5 16. exd5 b4 17. Ne2 Nf6 18. Rd1 Rc8 19. a3 a5 0-1

[Event "AUTO-INT-1485"]
[Site "http://www.queenalice.com/game.php?id=669379"]
[Date "2009.10.19"]
[Round "1"]
[White "Palfreyman"]
[Black "julio_falk"]
[Result "1-0"]
[WhiteElo "1849"]
[BlackElo "1510"]

1. d4 e6 2. c4 c6 3. Nc3 Bb4 4. Nf3 Bxc3+ 5. bxc3 Nf6 6. Bg5 O-O 7. e3 Qe8 8.
Bf4 Ne4 9. Bd3 Nxc3 10. Qb3 Nxa2 11. Bd6 g6 12. Bxf8 Qxf8 13. Rxa2 h5 14. O-O b6
15. Rfa1 a5 16. Qxb6 Ra6 17. Qxb8 1-0

[Event "AUTO-INT-1485"]
[Site "http://www.queenalice.com/game.php?id=669380"]
[Date "2009.10.19"]
[Round "1"]
[White "julio_falk"]
[Black "Palfreyman"]
[Result "1-0"]
[WhiteElo "1534"]
[BlackElo "1625"]

1. e4 e6 2. Bc4 d5 3. Bb3 dxe4 4. Qe2 Nf6 5. Nc3 Nc6 6. Ba4 Bd7 7. Bxc6 Bxc6 8.
Nh3 Bc5 9. O-O O-O 10. Ng5 Qd4 11. Rd1 h6 12. Nh3 Rad8 13. d3 exd3 14. cxd3 Bd6
15. Kf1 Bxh2 16. Be3 Qb4 17. g3 Rfe8 18. a3 Qa5 19. b4 Qf5 20. g4 Nxg4 21. f3
Bxf3 22. Qd2 Rxd3 23. Qxd3 Be4+ 24. Nf4 1-0

[Event "AUTO-INT-1487"]
[Site "http://www.queenalice.com/game.php?id=670280"]
[Date "2009.10.21"]
[Round "1"]
[White "dorszu"]
[Black "Palfreyman"]
[Result "1-0"]
[WhiteElo "1695"]
[BlackElo "1733"]

1. d4 e6 2. e4 d5 3. Nf3 dxe4 4. Ne5 Nf6 5. Bg5 Be7 6. Bb5+ Bd7 7. Bxf6 Bxf6 8.
Bxd7+ Nxd7 9. Nxd7 Qxd7 10. c3 e5 11. O-O exd4 12. cxd4 Bxd4 13. Nc3 O-O-O 14.
Nxe4 Bxb2 15. Qxd7+ Rxd7 16. Rab1 Re8 17. Rxb2 Rxe4 18. f3 Re6 19. Rb4 Re2 20.
Ra4 1-0

[Event "AUTO-INT-1487"]
[Site "http://www.queenalice.com/game.php?id=670281"]
[Date "2009.10.21"]
[Round "1"]
[White "Palfreyman"]
[Black "dorszu"]
[Result "0-1"]
[WhiteElo "1779"]
[BlackElo "1675"]

1. d4 e6 2. c4 Bb4+ 3. Nc3 Bxc3+ 4. bxc3 c5 5. Nf3 Nc6 6. d5 Na5 7. e4 exd5 8.
cxd5 d6 9. e5 Bg4 10. Bb5+ Bd7 11. Bxd7+ Qxd7 12. O-O Ne7 13. exd6 Qxd6 14. Qa4+
Nac6 15. dxc6 Nxc6 16. Re1+ Kf8 17. Bf4 Qf6 18. Qb5 Rb8 19. Qxc5+ Kg8 20. Bxb8
b6 0-1

[Event "AUTO-INT-1487"]
[Site "http://www.queenalice.com/game.php?id=670294"]
[Date "2009.10.21"]
[Round "1"]
[White "uracile"]
[Black "Palfreyman"]
[Result "1-0"]
[WhiteElo "1683"]
[BlackElo "1572"]

1. e4 e6 2. d4 d5 3. e5 c5 4. Nf3 Nc6 5. Nc3 cxd4 6. Nxd4 Nxe5 7. Bf4 Ng6 8. Bg3
a6 9. Bd3 Nf6 10. O-O Be7 11. Bxg6 hxg6 12. a4 1-0

[Event "AUTO-INT-1487"]
[Site "http://www.queenalice.com/game.php?id=670295"]
[Date "2009.10.21"]
[Round "1"]
[White "Palfreyman"]
[Black "uracile"]
[Result "0-1"]
[WhiteElo "1592"]
[BlackElo "1670"]

1. d4 d5 2. c4 Nf6 3. Nc3 e6 4. Nf3 Bb4 5. Bg5 h6 6. Bxf6 Qxf6 7. e3 Bxc3+ 8.
bxc3 O-O 9. Be2 Nc6 10. O-O Ne7 11. Qb3 a5 12. c5 c6 0-1

[Event "AUTO-INT-1487"]
[Site "http://www.queenalice.com/game.php?id=670304"]
[Date "2009.10.21"]
[Round "1"]
[White "Palfreyman"]
[Black "KAXY"]
[Result "0-1"]
[WhiteElo "1419"]
[BlackElo "1703"]

1. d4 d5 2. c4 e6 3. Nc3 Bb4 4. Nf3 Bxc3+ 5. bxc3 dxc4 6. e4 Nc6 7. Bxc4 a6 8.
O-O Nf6 9. Qc2 Bd7 10. Rb1 b5 11. Bd3 O-O 12. e5 Nd5 13. Bxh7+ Kh8 14. Ng5 g6
15. Qd3 Nde7 0-1

[Event "AUTO-INT-1487"]
[Site "http://www.queenalice.com/game.php?id=670305"]
[Date "2009.10.21"]
[Round "1"]
[White "KAXY"]
[Black "Palfreyman"]
[Result "1-0"]
[WhiteElo "1698"]
[BlackElo "1424"]

1. d4 e6 2. e4 d5 3. e5 c5 4. c3 Nc6 5. Bb5 Bd7 6. Bxc6 Bxc6 7. Nf3 Ne7 8. Bg5
h6 9. Bxe7 Bxe7 10. Nbd2 O-O 11. O-O Qb6 12. b3 Rac8 13. Rb1 cxd4 14. cxd4 Bb5
15. Re1 Bd3 16. Ra1 1-0

[Event "AUTO-INT-1488"]
[Site "http://www.queenalice.com/game.php?id=670497"]
[Date "2009.10.21"]
[Round "1"]
[White "tonycorreia"]
[Black "Palfreyman"]
[Result "1-0"]
[WhiteElo "1773"]
[BlackElo "1824"]

1. d4 e6 2. e4 d5 3. e5 c5 4. Nf3 Nc6 5. Bb5 Ne7 6. c3 Bd7 7. dxc5 Nxe5 8. Bxd7+
Nxd7 9. b4 a5 10. Ba3 axb4 11. Bxb4 Nc6 12. a3 Nxc5 13. O-O 1-0

[Event "AUTO-INT-1488"]
[Site "http://www.queenalice.com/game.php?id=670498"]
[Date "2009.10.21"]
[Round "1"]
[White "Palfreyman"]
[Black "tonycorreia"]
[Result "0-1"]
[WhiteElo "1884"]
[BlackElo "1748"]

1. d4 d5 2. c4 e6 3. Nc3 Bb4 4. Nf3 dxc4 5. e3 Qd5 6. Be2 b5 7. a4 Bxc3+ 8. bxc3
c6 9. Ne5 f6 10. Bf3 Qd6 11. Ba3 Qc7 0-1

[Event "AUTO-INT-1491"]
[Site "http://www.queenalice.com/game.php?id=671554"]
[Date "2009.10.23"]
[Round "1"]
[White "marcosbratz"]
[Black "Palfreyman"]
[Result "1-0"]
[WhiteElo "1605"]
[BlackElo "1658"]

1. e4 e6 2. Nf3 d5 3. exd5 exd5 4. Be2 Nf6 5. O-O Be7 6. Re1 Nc6 7. d4 O-O 8.
Bg5 Be6 9. Nc3 Re8 10. Bb5 h6 11. Bxf6 Bxf6 12. Re2 a6 13. Bxc6 bxc6 14. Ne5 c5
15. f4 Bxe5 16. Rxe5 Qd7 17. dxc5 Rad8 18. Qd4 1-0

[Event "AUTO-INT-1491"]
[Site "http://www.queenalice.com/game.php?id=671555"]
[Date "2009.10.23"]
[Round "1"]
[White "Palfreyman"]
[Black "marcosbratz"]
[Result "0-1"]
[WhiteElo "1697"]
[BlackElo "1585"]

1. d4 d5 2. c4 c6 3. Nc3 Nf6 4. Nf3 Bg4 5. Ne5 Bf5 6. cxd5 cxd5 7. e3 Nbd7 8.
Bb5 a6 9. Bxd7+ Nxd7 10. Qf3 e6 11. Nxf7 Kxf7 12. g4 g6 13. gxf5 gxf5 14. Qh5+
Ke7 15. e4 Bg7 16. Bg5+ Bf6 17. exf5 exf5 18. O-O-O Bxg5+ 0-1

[Event "AUTO-INT-1491"]
[Site "http://www.queenalice.com/game.php?id=671572"]
[Date "2009.10.23"]
[Round "1"]
[White "Palfreyman"]
[Black "wiking"]
[Result "1-0"]
[WhiteElo "1864"]
[BlackElo "1807"]

1. d4 b6 2. e4 Ba6 3. Bxa6 Nxa6 4. Nf3 f6 5. Nc3 Qb8 6. O-O Qb7 7. Bf4 O-O-O 8.
a4 g5 9. Bg3 h5 10. h4 g4 11. Nd2 e6 12. Qe2 c6 13. Nc4 d5 14. exd5 exd5 15. Ne3
1-0

[Event "AUTO-INT-1491"]
[Site "http://www.queenalice.com/game.php?id=671573"]
[Date "2009.10.23"]
[Round "1"]
[White "wiking"]
[Black "Palfreyman"]
[Result "1-0"]
[WhiteElo "2041"]
[BlackElo "1933"]

1. b4 e5 2. Bb2 Bxb4 3. Bxe5 Nf6 4. f4 Nc6 5. e3 d6 6. Bb2 O-O 7. Nf3 Bg4 8. Bd3
Qe7 9. O-O Ne4 10. h3 Bf5 11. Qe1 h6 12. a3 Ba5 13. Nc3 Nxc3 14. Bxf5 Ne4 15.
Kh2 a6 16. Qe2 Rae8 17. Qc4 Nxd2 18. Nxd2 Bxd2 19. e4 Qh4 20. g3 Qe7 21. Rab1
1-0